000 00511nam a22001817a 4500
999 _c5738
_d5738
003 GBCCL
005 20241126110549.0
008 180405b ||||| |||| 00| 0 eng d
040 _cgbc
082 _a231.7652
_bDUN
100 _aDuncan, Homer
_92974
245 _aEvolution fact or fantasy /
_cHomer Duncan
260 _aTexas:
_bMC International Publications,
_c1986
300 _c22 cm.
650 _aCreationalsim
_910364
650 _aEvolution
_vReligious aspects
_xChristianity
_910365
942 _2ddc
_cBK
_02